Les Pokémons de type Feu - Statistiques

Statistiques générales
  • Ce quiz a été pris 310 fois
    204 depuis la dernière actualisation
  • Le résultat moyen est 64 sur 81
Statistiques - réponses
Gen. Type 1 Type 2 Pokémon % Correct
I 006 Feu Vol Dracaufeu
97%
I 005 Feu Reptincel
97%
I 004 Feu Salameche
97%
III 255 Feu Poussifeu
95%
VI 653 Feu Feunnec
93%
II 155 Feu Hericendre
93%
I 058 Feu Caninos
92%
I 058 Feu Roche Caninos
92%
I 146 Feu Vol Sulfura
92%
I 059 Feu Arcanin
91%
I 059 Feu Roche Arcanin
91%
II 157 Feu Typhlosion
91%
II 157 Feu Spectre Typhlosion
91%
III 257 Feu Combat Brasegali
90%
II 156 Feu Feurisson
90%
I 126 Feu Magmar
90%
I 038 Feu Feunard
89%
V 498 Feu Gruikui
89%
IV 390 Feu Ouisticram
89%
V 500 Feu Combat Roitiflam
89%
III 256 Feu Combat Galifeu
88%
I 037 Feu Goupix
88%
IV 392 Feu Combat Simiabraz
88%
V 607 Feu Spectre Funécire
87%
V 499 Feu Combat Grotichon
87%
V 609 Feu Spectre Lugulabre
87%
I 077 Feu Ponyta
87%
I 078 Feu Galopa
86%
III 323 Feu Sol Camerupt
85%
III 322 Feu Sol Chamallot
85%
IV 391 Feu Combat Chimpenfeu
85%
II 229 Feu Ténèbres Démolosse
85%
II 218 Feu Limagma
85%
II 228 Feu Ténèbres Malosse
85%
V 643 Feu Dragon Reshiram
85%
IV 467 Feu Maganon
84%
II 240 Feu Magby
84%
V 608 Feu Spectre Mélancolux
84%
IV 485 Feu Acier Heatran
83%
VI 655 Feu Psy Goupelin
82%
II 250 Feu Vol Ho-oh
81%
I 136 Feu Pyroli
81%
VI 654 Feu Roussil
81%
VII 725 Feu Flamiaou
79%
II 219 Feu Roche Volcaropod
79%
VI 663 Feu Vol Flambusard
78%
V 494 Feu Psy Victini
78%
VI 721 Feu Eau Volcanion
78%
V 555 Feu Darumacho
77%
V 555 Feu Psy Darumacho
77%
V 555 Feu Glace Darumacho
77%
II 244 Feu Entei
77%
IV 479 Feu Electrik Motisma
77%
V 637 Feu Insecte Pyrax
77%
V 554 Feu Darumarond
76%
VII 727 Feu Ténèbres Félinferno
76%
IV 493 Feu Arceus
75%
VI 662 Feu Vol Braisillon
75%
V 513 Feu Flamajou
75%
V 636 Feu Insecte Pyronille
75%
III 324 Feu Chartor
74%
VII 726 Feu Matoufeu
74%
V 514 Feu Flamoutan
73%
VIII 815 Feu Pyrobut
72%
VI 668 Feu Normal Némélios
71%
VI 667 Feu Normal Hélionceau
70%
VII 758 Feu Poison Malamandre
70%
I 105 Feu Spectre Ossatueur
70%
V 631 Feu Aflamanoir
69%
VII 757 Feu Poison Tritox
66%
VIII 813 Feu Flambino
65%
VII 776 Feu Dragon Boumata
64%
VIII 814 Feu Lapyro
61%
VIII 851 Feu Insecte Scolocendre
61%
VII 806 Feu Spectre Pierroteknik
55%
VII 773 Feu Silvallié
54%
VIII 839 Feu Roche Monthracite
53%
VIII 838 Feu Roche Wagomine
53%
III 351 Feu Morpheo
52%
VII 741 Feu Vol Plumeline
52%
VIII 850 Feu Insecte Grillepattes
51%
Aucun quiz correspondant
Distribution des résultats
% des personnes avec chaque résultat
Percentile par nombre de réponses
Votre historique - résultats
Vous n’avez pas pris ce quiz depuis la dernière actualisation